Datum a čas kvízu
40.5
Celkem bodů
Celkový počet nahraných bodů na tomto kvízu bez doplňovacích otázek.
4.
Pořadí na kvízu
Konečné umístění týmu na tomto kvízu.
Zaznamenané odpovědi
| # | Otázka | Odpověď | Body | Výsledky |
|---|---|---|---|---|
| 1. | Krajský soud v Praze v pátek... | Metrostav | 1 | |
| 2. | Velká Británie minulý týden de... | po 47 letech (42–52) | 0 | |
| 3. | Letošní ceny Grammy ovládla ml... | Billie Eilish | 1 | |
| 4. | V pátek vstoupilo v platnost o... | zákaz předjíždění pro kamiony | 1 | |
| 5. | Napíšete-li jména obou šampión... | Novak Djoković, Sofia Keninová | 1 | |
| 6. | Co všechno může být ztracené?... | Jantarová komnata | 1 | |
| 7. | Vzpomenete si na seriál Ztrace... | lední medvěd | 1 | |
| 8. | "Ne každé zlato třpytívá se, n... | Bilbo Pytlík | 0 | |
| 9. | Jak se jmenuje rozsáhlá epická... | Ztracený ráj (Paradise Lost) | 1 | |
| 10. | Dodnes nebyla uspokojivě vysvě... | na území Ruska | 1 |